000 01202cam a2200337 i 4500
999 _c200435028
_d53240
003 TR-AnTOB
005 20190408222208.0
008 181218s2018 tu a j tur
020 _a9786053121954
040 _aTR-AnTOB
_beng
_erda
_cTR-AnTOB
041 1 _atur
_heng
050 1 _aPZ10.E6
090 _aJUN PZ10.E6
_bD8719 2018
100 1 _aDussling, Jennifer
_eauthor
_9123707
240 1 0 _aMath matters : the 100-pound problem
245 1 0 _aMatematik her yerde :
_b45 kilogram problemi /
_cJennifer Dussling ; resimleyen: Rebecca Thronburgh ; çeviri: Deniz Candaş.
246 _aKırk beş kilogram problemi
250 _a1. basım: Ekim, 2018
264 1 _aAnkara :
_bTÜBİTAK,
_c2018.
300 _a32 pages :
_bcolours illustrations ;
_c23 cm
336 _2rdacontent
_atext
_btxt
337 _2rdamedia
_aunmediated
_bn
338 _2rdacarrier
_avolume
_bnc
490 0 _aTÜBİTAK popüler bilim kitapları:
_v992
500 _a7 yaş +.
650 7 _aAğırlıklar ve ölçüler
_vÇocuk edebiyatı
_2etuturkob
_9123714
700 1 _aCandaş, Deniz
_etranslator
_9122278
700 1 _aThronburgh, Rebecca
_eillustrator
_9123712
942 _2lcc
_cBK